Intermediate Physics for Medicine and Biology

Springernature.com; Integrated Series in Information Systems

Shranjeno v:
Bibliografske podrobnosti
Glavni avtor: Hobbie, Russell K
Drugi avtorji: Roth, Bradley J
Format: Knjiga
Jezik:Undetermined
Izdano: Springer 2015
Teme:
Online dostop:http://lrc.tdmu.edu.vn/opac/search/detail.asp?aID=2&ID=40425
Oznake: Označite
Brez oznak, prvi označite!
Thư viện lưu trữ: Trung tâm Học liệu Trường Đại học Thủ Dầu Một
LEADER 00732nam a2200193Ia 4500
001 TDMU_40425
008 210410s9999 xx 000 0 und d
082 |a 338.91 
100 |a Hobbie, Russell K 
245 0 |a Intermediate Physics for Medicine and Biology 
245 0 |c Russell K. Hobbie, Bradley J. Roth 
260 |b Springer 
260 |c 2015 
300 |a 629pages 
520 |a Springernature.com; Integrated Series in Information Systems 
650 |a Vật lý học ứng dụng  |x Y học  |x Sinh học; Intermediate Physics  |x Medicine  |x Biology 
700 |a Roth, Bradley J 
856 |u http://lrc.tdmu.edu.vn/opac/search/detail.asp?aID=2&ID=40425 
980 |a Trung tâm Học liệu Trường Đại học Thủ Dầu Một